书目信息 |
| 题名: |
科研兴校的认识与实践
|
|
| 作者: | 王晶 , 孙建为 , 盖庆春 主编 | |
| 分册: | ||
| 出版信息: | 长春 吉林人民出版社 1998 |
|
| 页数: | 115页 | |
| 开本: | 19cm | |
| 丛书名: | ||
| 单 册: | ||
| 中图分类: | G634.2 , G4 | |
| 科图分类: | ||
| 主题词: | 无神论--中学--教材 , 无神论 , 教育 | |
| 电子资源: | ||
| ISBN: | 7-206-02987-6 | |
| 000 | 00795nam0 2200265 450 | |
| 001 | 1555447027 | |
| 005 | 20150204152518.93 | |
| 010 | @a7-206-02987-6@dCNY24.80 | |
| 100 | @a19981028d1998 cdmy0chiy0110 ea | |
| 101 | 0 | @achi |
| 102 | @aCN@b220000 | |
| 105 | @ay z 000yy | |
| 200 | 1 | @a科研兴校的认识与实践@Ake yan xing xiao de ren shi yu shi jian@9zhong xiao xue wu shen lun jiao yu du ben@f盖庆春主编@Fgai qing chun zhu bian |
| 210 | @a长春@c吉林人民出版社@d1998 | |
| 215 | @a115页@d19cm | |
| 606 | 0 | @a无神论@x中学@x教材 |
| 606 | 0 | @a无神论 |
| 606 | 0 | @a教育 |
| 690 | @aG634.2@v5 | |
| 690 | @aG4@v4 | |
| 701 | 0 | @a王晶@9wang jing@4主编 |
| 701 | 0 | @a孙建为@9sun jian wei@4主编 |
| 701 | 0 | @a盖庆春@Agai qing chun@4主编 |
| 801 | 0 | @aCN@bTSSF@c20150204 |
| 905 | @aZUCC@dG4@eJY24 | |
| 科研兴校的认识与实践/盖庆春主编.-长春:吉林人民出版社,1998 |
| 115页;19cm |
| ISBN 7-206-02987-6:CNY24.80 |
| ● |
| 相关链接 |
|
|
|
|
正题名:科研兴校的认识与实践
索取号:G4/JY24
 
预约/预借
| 序号 | 登录号 | 条形码 | 馆藏地/架位号 | 状态 | 备注 |
| 1 | 7865913 | 278659131 | 学院路分馆/ [索取号:G4/JY24] | 在馆 |